Haz clic en el sinónimo - Estadísticas

Estadísticas generales
  • Esta prueba ha sido intentada 2.433 veces
  • La puntuación promedio es 4 de 20
Estadísticas de respuestas
Hint Respuesta % Correcto
Entente Acuerdo
39%
Bonhomía Afabilidad
35%
Ful Falso
31%
Inicuo Injusto
25%
Chacota Broma
24%
Gaznápiro Simplón
24%
Bahorrina Suciedad
23%
Réprobo Condenado
22%
Loor Alabanza
21%
Trebejo Utensilio
19%
Rozagante Vistoso
19%
Basca Ansia
16%
Himeneo Boda
15%
Azogue Mercurio
15%
Morondo Pelado
14%
Nefelibata Soñador
14%
Prez Honor
13%
Sicofanta Impostor
13%
Marrajo Astuto
11%
Chipé Bondad
7%
No se encontraron pruebas coincidentes
Distribución de puntuación
Porcentaje de gente con cada puntuación
Porcentaje por número respondido
Historial de tus puntuaciones
No has intentado esta prueba.